| 000 | 00513nam a2200181Ia 4500 | ||
|---|---|---|---|
| 005 | 20250508151434.0 | ||
| 008 | 008 250505s9999 xx 000 0 eng d | ||
| 037 | _aTextual | ||
| 040 |
_aFEDL _beng _cFEDL |
||
| 041 |
_aeng _2eng |
||
| 084 |
_a153.4, REM _qFEDL |
||
| 100 | _aRemmers H. H. | ||
| 245 | 0 | _aIntroduction to opinion and attitude measurement | |
| 260 |
_aNew York, USA _bHarper and Brothers _c1954 |
||
| 300 | _aviii,437p | ||
| 942 |
_cTEXL _h153.4, REM |
||
| 999 |
_c1329796 _d1329796 |
||